Southville International School and Colleges
Your cart is empty.
  • Cart
  • Lists
    Public lists Eva Luna New books Lux_list list_1
    Your lists Log in to create your own lists
  • Log in to your account
  • Your cookies
  • Search history
Southville International School and Colleges
  • Advanced search
  • Recent comments
  • Most popular
  • Libraries

Log in to your account

Log in with GOOGLE


If you do not have an external account, but do have a local account, you can still log in:

  1. Home
  2. MARC view: We like kindergarten /
Normal view MARC view ISBD view

We like kindergarten / (Record no. 111949)

[ view plain ]
MARC details
000 -LEADER
fixed length control field 00502nam a2200181 a 4500
001 - CONTROL NUMBER
control field 1921
005 - DATE AND TIME OF LATEST TRANSACTION
control field 20140414131925.0
008 - FIXED-LENGTH DATA ELEMENTS--GENERAL INFORMATION
fixed length control field 030116s19uu xx 00 eng d
020 ## - INTERNATIONAL STANDARD BOOK NUMBER
International Standard Book Number 0-307-02122-X
050 ## - LIBRARY OF CONGRESS CALL NUMBER
Classification number ER
Item number W44 1965
100 ## - MAIN ENTRY--PERSONAL NAME
Personal name Cassidy, Clara
245 ## - TITLE STATEMENT
Title We like kindergarten /
Statement of responsibility, etc by Clara Cassidy ; pictures by Eloise Wilkin.
260 ## - PUBLICATION, DISTRIBUTION, ETC. (IMPRINT)
Place of publication, distribution, etc New York :
Name of publisher, distributor, etc A Golden Book,
Date of publication, distribution, etc 1965.
300 ## - PHYSICAL DESCRIPTION
Extent 1 v. p. ; cm.
650 ## - SUBJECT ADDED ENTRY--TOPICAL TERM
Topical term or geographic name as entry element School - Stories.
650 ## - SUBJECT ADDED ENTRY--TOPICAL TERM
Topical term or geographic name as entry element Children stories.
Holdings
Withdrawn status Lost status Damaged status Use restrictions Home library Current library Shelving location Date acquired Source of acquisition Total Checkouts Full call number Barcode Date last seen Price effective from Koha item type
        Munich Library Munich Library Easy Reading Section 12/23/2004     ER W44 1965 M2923 04/14/2014 04/14/2014 Books

We like kindergarten /

APA

Cassidy C., . (1965). We like kindergarten. New York: A Golden Book.

Chicago

Cassidy Clara, . 1965. We like kindergarten. New York: A Golden Book.

Harvard

Cassidy C., . (1965). We like kindergarten. New York: A Golden Book.

MLA

Cassidy Clara, . We like kindergarten. New York: A Golden Book. 1965.

  • Place hold
  • Print
  • Cite
  • Add to your cart (remove)
  • Save record
    BIBTEX Dublin Core MARCXML MARC (non-Unicode/MARC-8) MARC (Unicode/UTF-8) MARC (Unicode/UTF-8, Standard) MODS (XML) RIS
  • More searches
    Search for this title in:
    Other Libraries (WorldCat) Other Databases (Google Scholar) Online Stores (Bookfinder.com) Open Library (openlibrary.org)

Exporting to Dublin Core...

SOUTHVILLE LIBRARY

Southville International School and Colleges Library

1281 Tropical Ave. Cor. Luxembourg St., BF Homes International, Las Pinas City

Tel. No. 8256374 / 252358 Loc. 117/146

Powered by Koha